[Event "Sao Bento do Sul op"]
[Site "Sao Bento do Sul"]
[Date "2019.08.25"]
[Round "7"]
[White "Reis, Oseias Marcelino"]
[Black "Shibata, Antonio Emilio"]
[Result "1/2-1/2"]
[WhiteElo "1857"]
[BlackElo "1946"]
[PlyCount "51"]
[EventDate "2019.08.23"]
[EventType "swiss"]
[EventRounds "7"]
[EventCountry "BRA"]
[SourceTitle "EXT 2020"]
[Source "ChessBase"]
[SourceDate "2019.10.17"]
[SourceVersion "1"]
[SourceVersionDate "2019.10.17"]
[SourceQuality "1"]

1. e4 Nf6 2. Nc3 d5 3. e5 Nfd7 4. d4 c5 5. f4 cxd4 6. Qxd4 Nb6 7. Be3 Bf5 8. Nf3 e6 9. Bb5+ Nc6 10. Qd2 Bg6 11. 0-0 Be7 12. Nd4 Rc8 13. f5 Bxf5 14. Nxf5 exf5 15. Rxf5 0-0 16. Rd1 g6 17. Rff1 a6 18. Qf2 d4 19. Bxc6 dxe3 20. Qf4 Qc7 21. Bf3 f6 22. Nd5 Nxd5 23. Bxd5+ Kg7 24. exf6+ Bxf6 25. Qxe3 Bxb2 26. Qb3 1/2-1/2

[Event "Sao Bento do Sul op"]
[Site "Sao Bento do Sul"]
[Date "2019.08.23"]
[Round "1"]
[White "Machado, Wesley Henrique"]
[Black "Shibata, Antonio Emilio"]
[Result "0-1"]
[WhiteElo "1444"]
[BlackElo "1946"]
[PlyCount "126"]
[EventDate "2019.08.23"]
[EventType "swiss"]
[EventRounds "7"]
[EventCountry "BRA"]
[SourceTitle "EXT 2020"]
[Source "ChessBase"]
[SourceDate "2019.10.17"]
[SourceVersion "1"]
[SourceVersionDate "2019.10.17"]
[SourceQuality "1"]

1. e4 Nf6 2. Bc4 d5 3. exd5 Nxd5 4. Qf3 Nf6 5. Nc3 Nc6 6. Nge2 Ne5 7. Qf4 Nxc4 8. Qxc4 c6 9. d3 e5 10. Bg5 Be7 11. Qh4 0-0 12. Ne4 Nd5 13. Bxe7 Nxe7 14. f4 f5 15. N4c3 exf4 16. Nxf4 Qd4 17. Qxe7 Qxf4 18. g3 Qf3 19. Rf1 Qh5 20. Qh4 Qxh4 21. gxh4 f4 22. Kd2 Bh3 23. Rf3 Bg2 24. Rf2 f3 25. Rg1 Rf4 26. Nd1 Rxh4 27. Ne3 Rxh2 28. Nxg2 Rxg2 29. Rfxg2 fxg2 30. Rxg2 Re8 31. Rh2 h6 32. Rh4 Kh7 33. Ra4 a6 34. Rb4 Re7 35. Rf4 g5 36. Rf1 Kg6 37. d4 g4 38. c4 h5 39. Kd3 g3 40. Rg1 h4 41. d5 cxd5 42. cxd5 Kf5 43. Rg2 Kf4 44. Kd4 h3 45. Rg1 g2 46. d6 Rd7 47. Kd5 h2 48. Rxg2 h1Q 49. Ke6 Rxd6+ 50. Kxd6 Qxg2 51. Kc7 Qc6+ 52. Kb8 Ke5 53. b4 Kd6 54. a4 Qc7+ 55. Ka7 Kc6 56. b5+ Kc5 57. b6 Qxb6+ 58. Ka8 Qc6 59. a5 Kd6 60. Kb8 b5 61. axb6 Qxb6+ 62. Ka8 Qb5 63. Ka7 Kc7 0-1

[Event "Sao Bento do Sul op"]
[Site "Sao Bento do Sul"]
[Date "2019.08.23"]
[Round "2"]
[White "Shibata, Antonio Emilio"]
[Black "Melo, Sergio Roberto Samp"]
[Result "1/2-1/2"]
[WhiteElo "1946"]
[BlackElo "1747"]
[PlyCount "80"]
[EventDate "2019.08.23"]
[EventType "swiss"]
[EventRounds "7"]
[EventCountry "BRA"]
[SourceTitle "EXT 2020"]
[Source "ChessBase"]
[SourceDate "2019.10.17"]
[SourceVersion "1"]
[SourceVersionDate "2019.10.17"]
[SourceQuality "1"]

1. b3 Nf6 2. Bb2 d5 3. Nf3 g6 4. g3 Bg7 5. Bg2 0-0 6. c4 c6 7. 0-0 Bf5 8. d3 Nbd7 9. Nd4 dxc4 10. e4 Be6 11. Nxe6 fxe6 12. dxc4 e5 13. Nd2 Qc7 14. b4 c5 15. b5 Rfd8 16. Qe2 Nf8 17. Nf3 N6d7 18. Bh3 h6 19. Bc3 Qb6 20. Qb2 Qf6 21. Ne1 Ne6 22. f4 Nd4 23. f5 gxf5 24. Bxd4 cxd4 25. Bxf5 Qg5 26. Ng2 Nc5 27. g4 e6 28. h4 Qe7 29. Bg6 Rf8 30. Qa3 b6 31. Qg3 Rxf1+ 32. Rxf1 Rf8 33. g5 Rxf1+ 34. Kxf1 Kh8 35. Qg4 Qf8+ 36. Kg1 Nd3 37. Qxe6 Nf4 38. Qf5 Qxf5 39. Bxf5 Nxg2 40. Kxg2 hxg5 1/2-1/2

[Event "Registro op 10th"]
[Site "Registro"]
[Date "2019.08.03"]
[Round "5"]
[White "Shibata, Antonio Emilio"]
[Black "Shiraishi, William Makoto H"]
[Result "1/2-1/2"]
[WhiteElo "1946"]
[BlackElo "1776"]
[PlyCount "81"]
[EventDate "2019.08.01"]
[EventType "swiss"]
[EventRounds "7"]
[EventCountry "BRA"]
[SourceTitle "EXT 2020"]
[Source "ChessBase"]
[SourceDate "2019.10.17"]
[SourceVersion "1"]
[SourceVersionDate "2019.10.17"]
[SourceQuality "1"]

1. b3 e5 2. Bb2 Nc6 3. e3 d5 4. Bb5 Bd6 5. Nf3 Nge7 6. Nxe5 f6 7. Nxc6 bxc6 8. Be2 0-0 9. d3 c5 10. 0-0 Re8 11. Bf3 Rb8 12. c4 Bb7 13. cxd5 Bxd5 14. Nc3 Be5 15. Qe2 Bxf3 16. gxf3 Nf5 17. f4 Bxf4 18. Qg4 Nxe3 19. fxe3 Bxe3+ 20. Kh1 Rb4 21. Ne4 Bd4 22. Bxd4 Rxd4 23. Qg3 Kh8 24. Rf3 Qd5 25. Rg1 Re7 26. Qg4 Rd7 27. Re1 Qe5 28. Qf5 Qxf5 29. Rxf5 Re7 30. Re3 a5 31. a4 Rb4 32. Rxc5 Rxb3 33. Rxa5 Rb8 34. Rf3 Kg8 35. Ra7 Rb3 36. Nd6 h6 37. Nb5 Rb2 38. Rf1 Ree2 39. Rc1 Rxh2+ 40. Kg1 Rhg2+ 41. Kf1 1/2-1/2

[Event "Registro op 10th"]
[Site "Registro"]
[Date "2019.08.02"]
[Round "3"]
[White "Shibata, Antonio Emilio"]
[Black "Costa, Iaggo Bernini"]
[Result "1-0"]
[WhiteElo "1946"]
[BlackElo "1534"]
[PlyCount "53"]
[EventDate "2019.08.01"]
[EventType "swiss"]
[EventRounds "7"]
[EventCountry "BRA"]
[SourceTitle "EXT 2020"]
[Source "ChessBase"]
[SourceDate "2019.10.17"]
[SourceVersion "1"]
[SourceVersionDate "2019.10.17"]
[SourceQuality "1"]

1. b3 e5 2. Bb2 Nc6 3. e3 d6 4. Bb5 Bd7 5. Ne2 a6 6. Bxc6 Bxc6 7. 0-0 Qg5 8. Ng3 h5 9. f4 exf4 10. exf4 Qg6 11. Qe2+ Ne7 12. f5 Qh6 13. f6 gxf6 14. Rxf6 Qh7 15. Rf2 Rg8 16. Nxh5 0-0-0 17. Na3 Bxg2 18. Rxg2 Rxg2+ 19. Kxg2 Nd5 20. Kh1 Bh6 21. c4 Nb4 22. Nf6 Qf5 23. Bc3 Nd3 24. Rf1 Qg6 25. Qg4+ Qxg4 26. Nxg4 Rg8 27. Nxh6 1-0

[Event "Londrina op U2200 1st"]
[Site "Londrina"]
[Date "2019.03.02"]
[Round "2"]
[White "Shibata, Antonio Emilio"]
[Black "Borges, Leonardo Hisao Hera"]
[Result "1-0"]
[WhiteElo "1942"]
[BlackElo "1658"]
[PlyCount "87"]
[EventDate "2019.03.01"]
[EventType "swiss"]
[EventRounds "5"]
[EventCountry "BRA"]
[SourceTitle "EXT 2020"]
[Source "ChessBase"]
[SourceDate "2019.10.17"]
[SourceVersion "1"]
[SourceVersionDate "2019.10.17"]
[SourceQuality "1"]

1. b3 Nf6 2. Bb2 d5 3. e3 g6 4. Nf3 Bg7 5. Be2 c5 6. 0-0 0-0 7. c4 Nc6 8. cxd5 Qxd5 9. Nc3 Qd8 10. a3 b6 11. Qc2 Bb7 12. Rfd1 e5 13. d3 Rc8 14. Na2 Nd5 15. Rac1 Qe7 16. Qb1 Na5 17. Nd2 Qg5 18. Bf1 h5 19. Nc3 Ne7 20. Nce4 Bxe4 21. Nxe4 Qg4 22. Bc3 Nac6 23. Qb2 Nd5 24. Be1 Rfd8 25. Nc3 e4 26. Be2 Qe6 27. dxe4 Nxc3 28. Bxc3 Bxc3 29. Qxc3 Qxe4 30. Bf3 Qe5 31. Qc2 Qe6 32. g3 Ne5 33. Be2 Rxd1+ 34. Rxd1 c4 35. bxc4 Nxc4 36. Bxc4 Rxc4 37. Rd8+ Kh7 38. Qb2 f6 39. Qd2 Rc7 40. Qd4 Qh3 41. Qd2 Qf5 42. Rh8+ Kg7 43. e4 Qg5 44. Qd8 1-0

[Event "BRA-ch Amateur U2000"]
[Site "Sao Paulo"]
[Date "2018.06.03"]
[Round "7"]
[White "Mascarenhas, Alfredo C Viana"]
[Black "Shibata, Antonio Emilio"]
[Result "0-1"]
[WhiteElo "1751"]
[BlackElo "1950"]
[PlyCount "54"]
[EventDate "2018.05.31"]
[EventType "swiss"]
[EventRounds "7"]
[EventCountry "BRA"]
[SourceTitle "EXT 2021"]
[Source "ChessBase"]
[SourceDate "2020.10.23"]
[SourceVersion "1"]
[SourceVersionDate "2020.10.23"]
[SourceQuality "1"]

1. d4 d5 2. c4 e6 3. Nc3 Nf6 4. e3 Be7 5. Bd3 dxc4 6. Bxc4 0-0 7. Nf3 Nbd7 8. 0-0 a6 9. Re1 b5 10. Bb3 c5 11. a3 Bb7 12. Qe2 Rc8 13. e4 cxd4 14. Nxd4 Nc5 15. e5 Qxd4 16. exf6 Bxf6 17. Bc2 Rfd8 18. Be3 Qh4 19. Bxc5 Rxc5 20. Ne4 Rh5 21. Nxf6+ gxf6 22. h3 f5 23. Rad1 Rc8 24. Bb3 Rh6 25. Qe3 Rg6 26. Rd4 Be4 27. g4 Rxg4+ 0-1

[Event "BRA-ch Amateur U2000"]
[Site "Sao Paulo"]
[Date "2018.06.01"]
[Round "3"]
[White "Shibata, Antonio Emilio"]
[Black "Resende, Lucas B Massucato"]
[Result "1/2-1/2"]
[WhiteElo "1950"]
[BlackElo "1838"]
[PlyCount "85"]
[EventDate "2018.05.31"]
[EventType "swiss"]
[EventRounds "7"]
[EventCountry "BRA"]
[SourceTitle "EXT 2021"]
[Source "ChessBase"]
[SourceDate "2020.10.23"]
[SourceVersion "1"]
[SourceVersionDate "2020.10.23"]
[SourceQuality "1"]

1. b3 d5 2. Bb2 Nf6 3. e3 Bf5 4. Nf3 e6 5. Nh4 Bg4 6. Be2 Bxe2 7. Qxe2 Nbd7 8. f4 Bd6 9. Nf3 0-0 10. 0-0 c5 11. Ne5 Qc7 12. Ng4 Be7 13. d3 Nxg4 14. Qxg4 Bf6 15. Bxf6 Nxf6 16. Qh4 Qa5 17. Rf3 Rfe8 18. Rh3 e5 19. g4 exf4 20. g5 Rxe3 21. Rxe3 fxe3 22. b4 cxb4 23. gxf6 gxf6 24. Qxf6 Qc5 25. Kh1 d4 26. Nc3 Qc6+ 27. Qxc6 bxc6 28. Rg1+ Kf8 29. Ne4 Ke7 30. Rg5 a5 31. Kg2 a4 32. Rc5 b3 33. cxb3 axb3 34. axb3 Ra2+ 35. Kg3 Rd2 36. Re5+ Kd7 37. Nc5+ Kd6 38. Rh5 Rd1 39. Kf3 f5 40. b4 Ke5 41. Ne4 Rf1+ 42. Ke2 Rb1 43. Kf3 1/2-1/2

[Event "Maringa Parana-ch"]
[Site "Maringa"]
[Date "2018.02.01"]
[Round "3"]
[White "Machado, Wesley Henrique"]
[Black "Shibata, Antonio Emilio"]
[Result "0-1"]
[WhiteElo "1344"]
[BlackElo "1895"]
[PlyCount "49"]
[EventDate "2018.01.31"]
[EventType "swiss"]
[EventRounds "8"]
[EventCountry "BRA"]
[SourceTitle "CBM 182 Extra"]
[Source "ChessBase"]
[SourceDate "2018.02.23"]
[SourceVersion "1"]
[SourceVersionDate "2018.02.23"]
[SourceQuality "1"]

1. e4 d5 2. exd5 Qxd5 3. Nc3 Qa5 4. d4 Nf6 5. Nf3 c6 6. Bf4 Bg4 7. h3 Bh5 8. Be2 e6 9. 0-0 Nbd7 10. Ne5 Nxe5 11. Bxh5 Nc4 12. Be2 Nxb2 13. Qe1 Bb4 14. Bd2 Na4 15. Nb1 Bxd2 16. Nxd2 Rd8 17. Nb3 Qxe1 18. Rfxe1 Nc3 19. Bf3 Nfd5 20. Nc5 b6 21. Nb3 0-0 22. a4 a5 23. Re5 Nb4 24. Re3 Ncd5 25. Bxd5 0-1

[Event "Maringa Parana-ch"]
[Site "Maringa"]
[Date "2018.02.01"]
[Round "2"]
[White "Shibata, Antonio Emilio"]
[Black "Fier, Alexandr"]
[Result "0-1"]
[WhiteElo "1895"]
[BlackElo "2557"]
[PlyCount "89"]
[EventDate "2018.01.31"]
[EventType "swiss"]
[EventRounds "8"]
[EventCountry "BRA"]
[SourceTitle "CBM 182 Extra"]
[Source "ChessBase"]
[SourceDate "2018.02.23"]
[SourceVersion "1"]
[SourceVersionDate "2018.02.23"]
[SourceQuality "1"]

1. b3 e5 2. Bb2 Nc6 3. e3 d5 4. Bb5 Bd6 5. Nf3 Qe7 6. c4 Nf6 7. c5 Bxc5 8. Nxe5 0-0 9. Nxc6 bxc6 10. Bxc6 Rb8 11. Qf3 Qe6 12. Bxf6 Qxc6 13. Bb2 Qg6 14. Nc3 d4 15. Ne2 Bd6 16. Nf4 Qh6 17. Nh3 c5 18. 0-0 Rb6 19. Nf4 Bb7 20. Qg3 Bb8 21. f3 g5 22. Rac1 Rc8 23. Qg4 f5 24. Qxf5 gxf4 25. exd4 c4 26. d3 c3 27. Rxc3 Rf8 28. Qg4+ Rg6 29. Qd7 Rg7 30. Qb5 Qh3 31. Rc2 Qd7 32. Qxd7 Rxd7 33. Re1 Bd6 34. a3 a5 35. Rce2 Bd5 36. Bc1 Bxb3 37. Re8 Bd5 38. R8e2 Rb8 39. Bd2 a4 40. Bc1 Kf7 41. h3 Rb3 42. Rd1 Bxa3 43. Bxf4 Bb2 44. Bc1 Bxd4+ 45. Kh1 0-1

[Event "Florianopolis op 4th"]
[Site "Florianopolis"]
[Date "2018.01.23"]
[Round "7"]
[White "Shibata, Antonio Emilio"]
[Black "Menegotto, Giovanni Arnaldo Ga"]
[Result "1/2-1/2"]
[WhiteElo "1895"]
[BlackElo "2109"]
[PlyCount "98"]
[EventDate "2018.01.19"]
[EventType "swiss"]
[EventRounds "10"]
[EventCountry "BRA"]
[SourceTitle "EXT 2019"]
[Source "ChessBase"]
[SourceDate "2018.10.10"]
[SourceVersion "1"]
[SourceVersionDate "2018.10.10"]
[SourceQuality "1"]

1. b3 c5 2. Bb2 Nc6 3. Nf3 d6 4. d4 cxd4 5. Nxd4 Nf6 6. g3 e5 7. Nxc6 bxc6 8. Bg2 Qc7 9. c4 Be7 10. Qc2 0-0 11. 0-0 Be6 12. Rd1 h5 13. Nc3 h4 14. Rac1 hxg3 15. hxg3 Ng4 16. Bf3 f5 17. Bxg4 fxg4 18. Qd2 Rad8 19. Qe3 Rf5 20. Ne4 Rdf8 21. Rf1 Qa5 22. Qc3 Qd8 23. Ba3 c5 24. Rcd1 Rh5 25. Kg2 Qa8 26. Rd5 Bxd5 27. cxd5 Qxd5 28. Qc4 Qxc4 29. bxc4 Kf7 30. f3 gxf3+ 31. Rxf3+ Ke6 32. Rb3 Kf5 33. Nc3 Kg4 34. Rb7 Bg5 35. Ne4 Kf5 36. Nxd6+ Ke6 37. Bxc5 Be7 38. Ne4 Bxc5 39. Nxc5+ Kd6 40. Ne4+ Kc6 41. Rxa7 Rg8 42. Re7 Rf5 43. e3 Rff8 44. Re6+ Kc7 45. Rxe5 Ra8 46. Nc3 Rgd8 47. Re7+ Kc6 48. Rxg7 Ra3 49. Nd5 Rxa2+ 1/2-1/2

[Event "Caioba Telecom op"]
[Site "Caioba"]
[Date "2016.08.27"]
[Round "4"]
[White "Shibata, Antonio Emilio"]
[Black "Lisboa, Joana Cunha"]
[Result "1-0"]
[WhiteElo "1752"]
[BlackElo "1492"]
[PlyCount "85"]
[EventDate "2016.08.26"]
[EventType "swiss"]
[EventRounds "6"]
[EventCountry "BRA"]
[SourceTitle "CBM 174 Extra"]
[Source "ChessBase"]
[SourceDate "2016.10.10"]
[SourceVersion "1"]
[SourceVersionDate "2016.10.10"]
[SourceQuality "1"]

1. e4 e6 2. d3 d5 3. Nd2 dxe4 4. dxe4 e5 5. Ngf3 Nc6 6. Bb5 Nge7 7. Nxe5 Qd6 8. Nef3 Bg4 9. 0-0 0-0-0 10. c3 Ne5 11. Be2 Nxf3+ 12. Bxf3 Be6 13. Qa4 Nc6 14. e5 Nxe5 15. Qxa7 Nxf3+ 16. Nxf3 Qa6 17. Qxa6 bxa6 18. Be3 Bd6 19. Ng5 Bd5 20. Rfd1 c6 21. Rxd5 cxd5 22. Nxf7 Rhf8 23. Nxd8 Kxd8 24. Rd1 Rf5 25. g4 Re5 26. Bf4 Re6 27. Rxd5 Ke7 28. Bxd6+ Rxd6 29. Rxd6 Kxd6 30. Kg2 g5 31. Kf3 Kd5 32. b3 h6 33. c4+ Kd4 34. Kg3 Ke4 35. b4 Kd4 36. b5 Kc5 37. a4 a5 38. f4 gxf4+ 39. Kxf4 Kxc4 40. b6 Kb4 41. b7 Kxa4 42. b8Q Ka3 43. Ke3 1-0

[Event "Parana-chT"]
[Site "Sao Jose dos Pinhais"]
[Date "2014.10.16"]
[Round "4.3"]
[White "Comunello Nunes, Marco Aurelio"]
[Black "Shibata, Antonio Emilio"]
[Result "0-1"]
[WhiteElo "1773"]
[BlackElo "1664"]
[PlyCount "86"]
[EventDate "2014.10.13"]
[EventType "team-swiss"]
[EventRounds "6"]
[EventCountry "BRA"]
[SourceTitle "EXT 2015"]
[Source "ChessBase"]
[SourceDate "2014.11.20"]
[SourceVersion "1"]
[SourceVersionDate "2014.11.20"]
[SourceQuality "1"]
[WhiteTeam "Manoel Ribas"]
[BlackTeam "Curitiba"]
[WhiteTeamCountry "BRA"]
[BlackTeamCountry "BRA"]

1. d4 Nf6 2. c4 g6 3. Nc3 Bg7 4. Nf3 0-0 5. Bf4 d6 6. e3 Nh5 7. Bg3 Nxg3 8. hxg3 Nd7 9. Qd2 e5 10. 0-0-0 c6 11. Be2 Qe7 12. dxe5 dxe5 13. g4 Nc5 14. Ne1 Be6 15. Qd6 Qxd6 16. Rxd6 Rfd8 17. Rxd8+ Rxd8 18. b3 e4 19. Kc2 f5 20. gxf5 gxf5 21. a3 a5 22. f3 b5 23. b4 axb4 24. axb4 Bxc3 25. Kxc3 Na4+ 26. Kb3 Nb6 27. Rh6 Bxc4+ 28. Bxc4+ Nxc4 29. Rxc6 Nxe3 30. fxe4 fxe4 31. Re6 Rd1 32. Nc2 Rd3+ 33. Kb2 Rd2 34. Rxe4 Rxc2+ 35. Kb3 Re2 36. Re7 Nf5 37. Rxe2 Nd4+ 38. Kc3 Nxe2+ 39. Kd3 Nf4+ 40. Kd4 Nxg2 41. Kc5 Nf4 42. Kxb5 Nd5 43. Kc5 Nxb4 0-1

[Event "Parana-chT"]
[Site "Sao Jose dos Pinhais"]
[Date "2014.10.15"]
[Round "3.3"]
[White "Shibata, Antonio Emilio"]
[Black "Marcondes, Igor Dalcol"]
[Result "1/2-1/2"]
[WhiteElo "1664"]
[BlackElo "1765"]
[PlyCount "68"]
[EventDate "2014.10.13"]
[EventType "team-swiss"]
[EventRounds "6"]
[EventCountry "BRA"]
[SourceTitle "EXT 2015"]
[Source "ChessBase"]
[SourceDate "2014.11.20"]
[SourceVersion "1"]
[SourceVersionDate "2014.11.20"]
[SourceQuality "1"]
[WhiteTeam "Curitiba"]
[BlackTeam "Sao Jose dos Pinhais"]
[WhiteTeamCountry "BRA"]
[BlackTeamCountry "BRA"]

1. c4 c5 2. Nc3 Nc6 3. Nf3 Nf6 4. g3 g6 5. Bg2 Bg7 6. 0-0 0-0 7. a3 d6 8. Rb1 a5 9. Nb5 Bd7 10. b3 Qb6 11. Bb2 Rfc8 12. d3 Nd8 13. a4 Nc6 14. Nd2 Nb4 15. Ne4 Nxe4 16. dxe4 Nc6 17. Bxg7 Kxg7 18. f4 Qd8 19. Qd2 Na7 20. Qc3+ Kg8 21. e5 Bc6 22. Rbd1 Nxb5 23. axb5 Bxg2 24. Kxg2 Qc7 25. exd6 exd6 26. f5 Qe7 27. Rf2 Rc7 28. Qd2 Rd7 29. f6 Qf8 30. Rf3 Re8 31. Kf2 b6 32. Rd3 Re6 33. Qf4 Qd8 34. Rf3 Qf8 1/2-1/2

[Event "Maringa op 4th"]
[Site "Maringa"]
[Date "2014.08.20"]
[Round "1"]
[White "Shibata, Antonio Emilio"]
[Black "Hirota da Silva, Nilton Jose"]
[Result "0-1"]
[WhiteElo "1800"]
[BlackElo "2030"]
[PlyCount "82"]
[EventDate "2014.08.20"]
[EventType "swiss"]
[EventRounds "9"]
[EventCountry "BRA"]
[SourceTitle "EXT 2015"]
[Source "ChessBase"]
[SourceDate "2014.11.20"]
[SourceVersion "1"]
[SourceVersionDate "2014.11.20"]
[SourceQuality "1"]

1. e4 d5 2. exd5 Qxd5 3. Nc3 Qd8 4. d4 Nf6 5. Bf4 c6 6. Nf3 Bg4 7. Be2 e6 8. 0-0 Bd6 9. Ne5 Bxe2 10. Qxe2 0-0 11. Rad1 Nd5 12. Nxd5 exd5 13. Qg4 Bxe5 14. dxe5 Qd7 15. Qh4 Qe6 16. Rd3 Nd7 17. Rh3 h6 18. Rg3 Kh7 19. Qg4 Qxg4 20. Rxg4 Rfe8 21. Re1 g5 22. Bd2 Rxe5 23. f4 Rxe1+ 24. Bxe1 Nf6 25. Rg3 Re8 26. Kf1 Nh5 27. Rf3 g4 28. Rb3 Re7 29. g3 Nf6 30. Bf2 Ne4 31. Re3 a6 32. Re2 Kg6 33. Bd4 f6 34. b4 h5 35. a4 Kf5 36. Kg2 Rh7 37. h4 gxh3+ 38. Kxh3 h4 39. gxh4 Kxf4 40. Rg2 Ng5+ 41. Kh2 Nf3+ 0-1